000 00626nam a2200181Ia 4500
008 100920s9999 xx 000 0 und d
082 _b38918
_a891.464 थ 78
100 _aसाधले आनंद.
245 _aमहाभारतातील मानदंड.
260 _bप्रिया प्रकाशन,मुंबई 4.
_c1978
300 _a138
_bसाधी
365 _b14
520 _aनिबंध.
630 _aमहाभारतातील मानदंड.
650 _aनिबंध.
730 _aमहाभारतातील मानदंड.
942 _cBOOK
999 _c690804
_d690801